Sudden Death Have These NBA Players Averaged 20 PPG #2 - Statistics

General Stats
  • This quiz has been taken 276 times
  • The average score is 2 of 10
Answers on the Grid
Answers color-coded by a green-red scale on the quiz's grid according to % correct below.
Vlade Divac
Stephon Marbury
Rudy Gay
Roy Hibbert
Ricky Davis
Paul Millsap
Montez Sabonis
Miles Bridges
Mike James
Michael Adams
Kyle Korver
Joakim Noah
Jeff Teague
David Lee
Damon Stoudamire
Chauncey Billups
Antoine Carr
Andre Drummond
Al Horford
Al Harrington
 
Answer Stats
Answer % Correct
Stephon Marbury
57%
Rudy Gay
50%
Miles Bridges
37%
Damon Stoudamire
16%
Ricky Davis
16%
David Lee
13%
Al Harrington
8%
Michael Adams
8%
Mike James
8%
Antoine Carr
5%
No matching quizzes found
Score Distribution
Percent of People with Each Score
Percentile by Number Answered
Your Score History
You have not taken this quiz